| 000 | 00465nam a2200169 i 4500 | ||
|---|---|---|---|
| 001 | 114734 | ||
| 003 | ES-MaACL | ||
| 005 | 20250328063129.0 | ||
| 007 | t| | ||
| 008 | 070322s1970 sp ||||1| spa d | ||
| 100 | 1 |
_aAdro Xavier, _d1910-1998 _918481 |
|
| 245 | 1 | 3 |
_aEl Ășltimo tedĂ©um / _cAdro Xavier. |
| 260 |
_aBarcelona : _bPetronio, _c1970. |
||
| 300 |
_a256 p. ; _c21 cm. |
||
| 852 |
_aES-MaACL _jC-38952 _bR.76545 |
||
| 999 |
_c114734 _d114734 |
||